Word Ladder: Some Music Quiz Stats

Quiz Updated Jun 26, 2013

Challenge
Share
Tweet
Embed
Score 0/10 Timer 01:00
1 Play Today
Hint 4-Letter Word % Correct
Elvis' '___ Suede Shoes'BLUE
98.5%
Sticky adhesiveGLUE
97.8%
FOX TV show about a show choir in Lima, OhioGLEE
94.3%
EscapeFLEE
93%
An impoverished neighborhoodSLUM
84.5%
Sad, depressedGLUM
81.6%
An offensive usually racist statementSLUR
78.7%
Band of 'Song 2' and 'Tender'BLUR
77.6%
Bass player for the Red Hot Chili PeppersFLEA
69.5%
Like the musical style of 1970's David BowieGLAM
69.1%

Today's Daily Dose

You're not logged in!

Compare scores with friends on all Sporcle quizzes.
Join for Free
OR
Log In

You Might Also Like...

Show Comments

Extras

Top Quizzes Today


Score Distribution

Your Account Isn't Verified!

In order to create a playlist on Sporcle, you need to verify the email address you used during registration. Go to your Sporcle Settings to finish the process.

Report this User

Report this user for behavior that violates our Community Guidelines.

Details: